| 000 | 004870000a22001690004500 | ||
|---|---|---|---|
| 090 |
_aAR _b02772 |
||
| 245 | 1 | 0 | _aExsiccatae of mesoarican rhynchospora |
| 650 | 1 | 4 |
_aBotánica _9361 |
| 650 | 1 | 4 |
_aTaxonomía vegetal _992262 |
| 650 | 1 | 4 |
_aNomenclatura _97564 |
| 650 | 1 | 4 |
_aMesoamérica _996137 |
| 653 |
_fCyperaceae _gRhynchospora |
||
| 041 | 0 | _aInglés | |
| 100 | 1 |
_aThomas, Wm. Wayt _996158 |
|
| 942 | _cARTICULO | ||
| 773 | 1 |
_tCyperaceae Newsletter Species Issue 2 _31315 _h8 _q1-18 _d1992 _g2 |
|
| 999 |
_c11833 _d11833 |
||